00447 2200181 4500001002100000008004100021020002200062035002000084082000800104084001400112100001600126245003800142250000600180260003000186300002600216650000800242990001500250INLIS000000000003438 ind  a978-623-522-799-3 a0010-0526000061 a301 a301 MAR x aTri, Marina aX-Press TKA SosiologicMarina Tri a1 aJakarta :bErlanggac2042 a129 hlmc21 x 25.5 cm aTKA a20172/B/26